| 000 | 00516nam a2200181Ia 4500 | ||
|---|---|---|---|
| 003 | OSt | ||
| 005 | 20260326114737.0 | ||
| 008 | 211028s2008 xx 000 0 und d | ||
| 040 | _cAIMIT LIBRARY | ||
| 041 | _aeng | ||
| 082 | _a658.15 KULM | ||
| 100 |
_aKulkarni, Minu;Dias, Beena. _g60471329 _95938 |
||
| 245 | _aA study on employee engagement at peopleplus professional services pvt ltd, Bangalore / | ||
| 260 |
_bDias, Beena _c2008 |
||
| 600 |
_aFinance _95939 |
||
| 650 |
_aFinance _95940 |
||
| 942 |
_2ddc _cPRO |
||
| 999 |
_c218071 _d218071 |
||